000 00601nam a2200193Ia 4500
005 20250508163413.0
008 008 250505s9999 xx 000 0 eng d
037 _aDissertations
040 _aFEDL
_beng
_cFEDL
041 _aeng
_2eng
084 _a371.1, PRA/DI
_qFEDL
100 _aShitla Prasad
_9775271
245 0 _aStudy of the role perception of the teachers by students, teachers themselves and the parents.
260 _c1982
300 _a83p.
546 _aM.Ed. Dissertation 1982 (Allahabad University)
942 _cDIS
_h371.1, PRA/DI
999 _c1382874
_d1382874